| 000 | 00788nam a2200241 i 4500 | ||
|---|---|---|---|
| 001 | 67001 | ||
| 003 | ES-MaACL | ||
| 005 | 20230906165926.0 | ||
| 007 | t| | ||
| 008 | 881215s1989 sp ||||0| cat d ..| | ||
| 015 |
_a1989-ENE-1820\ _a1989-ENE-1989-DIC-17243 |
||
| 016 | 7 | _zSAB9000035773 | |
| 020 | _a84-86433-45-2 | ||
| 040 |
_aM-BN-DP _bspa _cM-BN-DP |
||
| 080 | _a821.134.1-14"19" | ||
| 100 | 1 |
_aServiáa, Josepmiquel. _9132688 |
|
| 245 | 1 | 0 |
_aJerarca de la llum _b: dinou poemes i una cançó / _cJosepmiquel Serviáa ; amb vint fotografies de Jordi Bastart. |
| 250 | _a2ª ed. | ||
| 260 |
_aBarcelona : _bColumna, _c1987. |
||
| 300 |
_a63 p : _bil ; _c21 cm. |
||
| 700 | 1 |
_aBastart, Jordi. _926346 |
|
| 852 |
_aES-MaACL _j2170-F-2 _bR.117481 _q. - Ded. autógr. del autor |
||
| 999 |
_c67001 _d67001 |
||